000 00293nam a22001337a 4500
008 170608b xxu||||| |||| 00| 0 eng d
020 _a9780671867423
041 _aeng
080 _a94(7/8)
100 _a18
101 _aSHH
245 _aLINCOLN AT GETTYSBURG
_cWILLS,G
942 _2udc
_cBK
999 _c16550
_d16550